zpět

Detail výsledku týmu

U Kalicha, Rychnov u JnN

Datum a čas kvízu

21.5 Celkem bodů Celkový počet nahraných bodů na tomto kvízu bez doplňovacích otázek.
9. Pořadí na kvízu Konečné umístění týmu na tomto kvízu.

Zaznamenané odpovědi

# Otázka Odpověď Body Výsledky
1. Studentské volby do Evropského... vytrollíme europarlament 1
2. Jak se jmenuje osobnost, která... Zuzana Čaputová 0
3. V Třeboni se minulý týden kona... animovanému filmu 0
4. Minulý týden představil Google... Pixel 0
5. Jak jistě víte, v pátek začalo... jel k porodu 1
6. Toto téma jste si vybrali Vy s... Philip Zimbardo 0
7. Na konci 30. let 20. století b... C 1
8. Takzvaný Dunningův–Krugerův ef... A D 1
9. Solomon Asch v roce 1951 ve sv... čáry 1
10. Psychologické experimenty se n... B 1